| 000 | 00916nam a22002775i 4500 | ||
|---|---|---|---|
| 999 |
_c26245 _d26217 |
||
| 003 | EG-ScBUE | ||
| 005 | 20201124142322.0 | ||
| 008 | 180306s200u ua fr 000 p eng d | ||
| 040 |
_aEG-ScBUE _beng _erda _cEG-ScBUE _dEG-ScBUE |
||
| 041 | 1 |
_aeng _hund |
|
| 082 | 0 | 4 |
_a808.2 _bARI _222 |
| 245 | 1 | 0 |
_aAristotle's poetics / _ctranslation by Thomas Twining ; introduction by Mona Abousenna. |
| 264 | 1 |
_aCairo : _bThe Anglo-Egyption Bookshop, _c[200-?] |
|
| 300 |
_a86 pages ; _c20 cm. |
||
| 336 |
_atext _btxt _2rdacontent |
||
| 337 |
_aunmediated _bn _2rdamedia |
||
| 338 |
_avolume _bnc _2rdacarrier |
||
| 650 | 7 |
_aAesthetics, Ancient. _2BUEsh |
|
| 650 | 7 |
_aPoetics _xHistory _yTo 1500. _2BUEsh _940332 |
|
| 651 | _2BUEsh | ||
| 653 |
_bHHUUEENN _cMarch2018 |
||
| 655 |
_vReading book _934232 |
||
| 700 | 1 |
_aTwining, Thomas, _etranslation. |
|
| 700 | 1 |
_aAbousenna, Mona, _eauthor of introduction, etc. |
|
| 942 |
_2ddc _cBB |
||